00551nam a2200169Ia 4500008004100000041000800041082001500049100001400064245003300078260002200111300000800133365001600141700001400157906002900171999001900200952016200219230718s9999 xx 000 0 und d aeng a004.6bMUK aMukund A. aCase Studies In IT & Systems c2002bICFAI Books a174 cRs.b350.00 aMukund A. d12/4/06/IPRESS/2006 cIT c313477d313477 00104073aCCEPbCCEPd2006-04-28eICFAI BranchfITg350.00i12/4/06/IPRESS/2006 o004.6pCCEP-BK-24684r2023-07-18 00:00:00v350.00w2006-04-12yBKz024684